| 000 | 00478nam a2200133 a 4500 | ||
|---|---|---|---|
| 001 | 000029850 | ||
| 005 | 20240318114638.0 | ||
| 008 | 110426s1999 dr 000 0 spa d | ||
| 040 |
_aDO-SdBNP _bspa _cBNPHU |
||
| 245 | 0 | 0 |
_aHablemos : _bmanual de educación sexual para adolescentes y multiplicadores /. |
| 260 |
_aSanto Domingo : _bPROFAMILIA., _c1999. |
||
| 300 |
_aVarias páginas : _bil., láminas. ; _c30 cm. |
||
| 710 | 2 |
_aAsociación Dominicana Pro Bienestar de la Familia _956602 |
|
| 999 |
_c29342 _d29342 |
||